000 00945nam a22002537a 4500
005 20170124103039.0
010 _aA-974149
020 _c150.00
035 _aA-974149
037 _bCen Lib/Ret
040 _aDPL
_bHN
082 _a
_bगोयल
100 _aगोयल, रामगोपाल
_966628
245 _aअँधेरे के विरुद्ध /
_cरामगोपाल गोयल
246 _aAndhere ke viruddha
_b by Ramgopal Gpyal
260 _aअजमेर
_bअतिन प्रकाशन
_c1998
270 _a59, शाश्त्री नगर
_bअजमेर
300 _a148पृष्ठ.
_c20सेमी(सजिल्द)
650 _aहिंदी साहित्य
_966629
650 _aहिंदीउपन्यास
_9560
650 _aHindi literature
_966630
650 _ahindi novel
_966631
942 _2ddc
_cHN
_h
_mगोयल
999 _c116456
_d116456